| 000 | 00731pam a2200253 a 4500 | ||
|---|---|---|---|
| 001 | 987909 | ||
| 005 | 20180309075140.0 | ||
| 008 | 860527s1986 pau b 001 0 eng | ||
| 010 | _a 86006045 | ||
| 020 |
_a0877224471 (alk. paper) : _c$29.95 (est.) |
||
| 040 |
_aDLC _cDLC _dDLC |
||
| 041 | _aeng | ||
| 043 |
_aew----- _an-us--- |
||
| 080 | _a303.484 BOG | ||
| 082 | 0 | 0 |
_a303.484 BOG _219 |
| 100 | 1 | _a20 | |
| 101 | _aSOC | ||
| 245 | 1 | 0 |
_aSocial movements and political power : _cCarl Boggs. |
| 504 | _aBibliography: p. [252]-279. | ||
| 906 |
_a7 _bcbc _corignew _d1 _eocip _f19 _gy-gencatlg |
||
| 942 |
_2ddc _cBK |
||
| 999 |
_c44599 _d44599 |
||